000
00273nam a2200109Ia 4500
008
200302s9999 xx 000 0 und d
100
_a
Tim Waterman
245
_a
The Fundamentals of Landscape Architecture
260
_b
AVA Publishing SA
260
_c
2009
300
_a
200 P.,
999
_c
2659
_d
2659